Statistiche per Metropolitana di Brescia

Clicka qui per fare il quiz!

Statistiche generali

  • Questo quiz è stato fatto 26 volte
  • Il punteggio medio è 15 su 17

Statistiche sulle risposte

Risposta% Corretto
Prealpino
100%
Sant'Eufemia
100%
Mompiano
95%
Ospedale
95%
San Faustino
95%
Stazione FS
95%
Vittoria
95%
Marconi
86%
Bresciadue
82%
Casazza
82%
Europa
82%
San Polo
82%
Poliambulanza
77%
Sanpolino
77%
San Polo Parco
73%
Volta
73%
Lamarmora
68%

Distribuzione punteggi

Percentile per numero di risposta

Percentuale di utenti per punteggio

I tuoi punteggi nel tempo

Non hai fatto questo quiz